header

Korwars and Korwar style (Record no. 209419)

MARC details
000 -LEADER
fixed length control field 01420nam a2200349 a 4500
082 04 - DEWEY DECIMAL CLASSIFICATION NUMBER
Classification number 731.8/8/999
100 1# - MAIN ENTRY--AUTHOR NAME
Personal name Baaren, Theodorus Petrus van.
245 10 - TITLE STATEMENT
Title Korwars and Korwar style
260 ## - PUBLICATION, DISTRIBUTION, ETC. (IMPRINT)
Place of publication Paris :
Name of publisher Mouton & Co.,
Year of publication 1968.
300 ## - PHYSICAL DESCRIPTION
Number of Pages 104 p., [40] p. of plates :
Other physical details ill.
490 1# - SERIES STATEMENT
Series statement Art in its context : studies in ethno-aesthetics. Museum series ;
650 #0 - SUBJECT ADDED ENTRY--TOPICAL TERM
Topical Term Korwars (Sculpture)
Topical Term Sculpture
856 40 - ELECTRONIC LOCATION AND ACCESS
Uniform Resource Identifier http://site.ebrary.com/lib/rucke/Doc?id=10589998

No items available.

© 2026 Rongo University
Contact us: librarian | system librarian | Rongo university